The killing kind (Record no. 31878)

MARC details
000 -LEADER
fixed length control field 00493nam a2200133 a 4500
008 - FIXED-LENGTH DATA ELEMENTS--GENERAL INFORMATION
fixed length control field 160815s2001 ||||||||||||||||| || u
020 ## - INTERNATIONAL STANDARD BOOK NUMBER
International Standard Book Number 9781444704709
050 ## - LIBRARY OF CONGRESS CALL NUMBER
Classification number PR 6053.O48645K5
245 04 - TITLE STATEMENT
Title The killing kind
Statement of responsibility, etc. By John Connolly
260 ## - PUBLICATION, DISTRIBUTION, ETC.
Place of publication, distribution, etc. London
Name of publisher, distributor, etc. Hodder and Stoughton
Date of publication, distribution, etc. 2001
300 ## - PHYSICAL DESCRIPTION
Extent iv, 372 pages
650 ## - SUBJECT ADDED ENTRY--TOPICAL TERM
Topical term or geographic name entry element ENGLISH LANGUAGE
995 ## -
-- FICTION Collection
-- 746797
-- CBU-SCHOOL OF MEDICINE LIBRARY (Ndola)
-- PR 6053.O48645K5
-- 1
-- AVAILABLE
-- Sep 27, 2016
-- 746797
-- Fiction Collection
999 ## -
-- 31878
-- 31878
Holdings
Withdrawn status Lost status Source of classification or shelving scheme Damaged status Not for loan Permanent Location Current Location Shelving location Date acquired Total Checkouts Total Renewals Full call number Barcode Date last seen Date last checked out Price effective from Koha item type
          CBU-SCHOOL OF MEDICINE LIBRARY, NDOLA. CBU-SCHOOL OF MEDICINE LIBRARY, NDOLA.   11/30/2022 3 1 PR 6053.O48645K5 746797 09/11/2025 08/28/2025 11/30/2022 MONOGRAPH